000
00271nam a2200097Ia 4500
001
922384
005
20250826191443.0
008
250824s9999 xx 000 0 und d
245
0
_a
PEYGAMBERLERİN ÇOCUK EĞİTİM METOTLARI
_c
HATİCE KÜBRA TONGAR
260
_b
HAYY YAYINLARI
999
_c
922384
_d
922384